000 01299nam a22003977a 4500
003 CHAP
005 20220817044525.0
008 120529s2012 it rn 00010 eng d
010 _a103235
011 _a104207
020 _a9789251065419
035 _a114897
040 _cCHAP
082 0 4 _a619.616
_bF21y
110 2 _aFAO
245 1 0 _aHealth and animal agriculture in developing countries
_c/editado por David Zilberman
260 _aRoma :
_bFAO : Springer,
_c2012
300 _axiv, 420 p. :
_bgráfs., diagramas., mapas, tablas
490 0 _aNatural Resource Management and Policy
590 _aBATCH-UPD
_b10
_c20130110
_lUCH01
_h1232
590 _aBATCH-UPD
_b10
_c20130410
_lUCH01
_h0802
590 _aBATCH-UPD
_b10
_c20130914
_lUCH01
_h1313
590 _aCONVERSION
_b10
_c20130109
_lUCH01
_h1357
650 1 4 _aEpidemiología.
650 1 4 _aGanado.
_944888
650 1 4 _aGanado
_xEnfermedades.
_944909
650 1 4 _aProducción animal.
_991859
650 1 4 _aSanidad animal.
_9102221
650 1 4 _aZoonosis.
_9124194
700 1 _aZilberman, David
_e, ed.
_9124019
830 0 _aNatural Resource Management and Policy
_980410
901 _aBK
911 _aen proceso
942 _cLIBRO
949 _a619.616 F21y
_bBC
_cFAO
_d33724002332108
_eFAO1
_gDonaciØn
_h116691
_i114897
_st
999 _c103235
_d103235